Eurovision Song Contest 2020 - Statistics

General Stats
  • This quiz has been taken 38 times
    36 since last reset
  • The average score is 54 of 82
Answer Stats
Hint Answer % Correct
Russia Little Big
96%
Russia Uno
96%
Ukraine Go_A
93%
Lithuania On Fire
93%
Greece Superg!rl
93%
Sweden The Mamas
93%
Lithuania The Roop
93%
Azerbaijan Cleopatra
89%
Azerbaijan Efendi
86%
Ukraine Solovey
86%
Romania Alcohol You
82%
Serbia Hasta la Vista
82%
Serbia Hurricane
82%
Romania Roxen
82%
Greece Stefania
82%
Belarus Da vidna
79%
Italy Diodato
79%
Israel Eden Alene
79%
Poland Empires
79%
Switzerland Gjon's Tears
79%
Sweden Move
79%
North Macedonia Vasil
79%
North Macedonia You
79%
Spain Blas Cantó
75%
Australia Don't Break Me
75%
Italy Fai rumore
75%
United Kingdom James Newman
75%
Australia Montaigne
75%
Cyprus Running
75%
Iceland Think About Things
75%
Spain Universo
75%
Malta All of My Love
71%
Belgium Hooverphonic
71%
Ireland Lesley Roy
71%
Moldova Natalia Gordienko
71%
Ireland Story of My Life
71%
Bulgaria Victoria
71%
Denmark Yes
71%
Norway Attention
68%
Armenia Chains on You
68%
Israel Feker libi
68%
Moldova Prison
68%
Switzerland Répondez-moi
68%
Latvia Samanta Tīna
68%
San Marino Senhit
68%
Norway Ulrikke
68%
Belarus VAL
68%
Slovenia Voda
68%
Czech Republic Benny Cristo
64%
San Marino Freaky!
64%
Czech Republic Kemama
64%
Cyprus Sandro
64%
Estonia Uku Suviste
64%
Austria Vincent Bueno
64%
Denmark Ben & Tan
61%
Bulgaria Tears Getting Sober
61%
Germany Violent Thing
61%
Slovenia Ana Soklič
57%
Armenia Athena Manoukian
57%
Germany Ben Dolic
57%
Albania Fall From the Sky
57%
United Kingdom My Last Breath
57%
Belgium Release Me
57%
Austria Alive
54%
Netherlands Grow
54%
Finland Looking Back
54%
France Mon alliée (The Best in Me)
54%
Finland Aksel
50%
France Tom Leeb
46%
Estonia What Love Is
46%
Netherlands Jeangu Macrooy
43%
Latvia Still Breathing
43%
Georgia Take Me As I Am
43%
Georgia Tornike Kipiani
43%
Albania Arilena Ara
39%
Croatia Damir Kedžo
39%
Portugal Medo de sentir
36%
Malta Destiny Chukunyere
29%
Portugal Elisa
29%
Poland Alicja Szemplińska
25%
Croatia Divlji vjetre
18%
Iceland Daði & Gagnamagnið
7%
No matching quizzes found
Score Distribution
Percent of People with Each Score
Percentile by Number Answered
Your Score History
You have not taken this quiz since the last reset